| 000 | 00573nam a2200217 a 4500 | ||
|---|---|---|---|
| 001 | 0001-2002 | ||
| 003 | ELIB.Books | ||
| 008 | 190604 2010 eng | ||
| 020 | _aKBTS | ||
| 092 |
_a241.66 _bWri |
||
| 100 | _aWright, David F. | ||
| 245 | _aThe Christian Faith and Homosexuality | ||
| 260 |
_aEdinburgh _bRutherford House _c1997 |
||
| 300 |
_a33 _c20 Cm |
||
| 650 | _aHomosexuality | ||
| 856 |
_nKBTS Library _uKBTS Elib |
||
| 942 |
_2ddc _cBK |
||
| 990 | _a2 | ||
| 998 |
_aEnglishbooks.elf _ccat _e2019-06-04 _mcat _u2019-06-04 |
||
| 999 |
_c12002 _d12002 |
||